Shortest Path by Borders #2 - Statistics

General Stats
  • This quiz has been taken 36 times
  • The average score is 12 of 18
Answer Stats
Answer % Correct
United States
100%
Mexico
97%
Costa Rica
76%
Honduras
76%
Nicaragua
76%
Panama
76%
Brazil
73%
Guatemala
73%
Colombia
70%
Indonesia
64%
Malaysia
64%
Myanmar | Laos
61%
Thailand
61%
China
58%
Russia
58%
France
55%
Germany
55%
Poland
55%
No matching quizzes found
Score Distribution
Percent of People with Each Score
Percentile by Number Answered
Your Score History
You have not taken this quiz